| 000 | 02794nkm a2200613 a 4500 | ||
|---|---|---|---|
| 001 | 20121 | ||
| 003 | VRT | ||
| 005 | 20260116144536.0 | ||
| 007 | kf co | ||
| 008 | 231120s1976 xo g kuslo | ||
| 015 | _aSNBG1976 | ||
| 035 | _aurn:nbn:sk:snk-km00ebfc | ||
| 035 | _aurn:nbn:sk:snk-km43fqw | ||
| 035 | _aAEFD3C5C-5EB5-4EDE-96CE-1208FD2B3982 | ||
| 039 | 9 |
_a202403281052 _bmsnk122 _c202312111035 _dmsnk122 _c202311201354 _dVLOAD _c202307180853 _dVLOAD |
|
| 040 |
_aSNK _bslo _cSNK _eAACR2 |
||
| 041 | 0 | _aslo | |
| 043 | _ae-xo--- | ||
| 044 |
_axo _cSK |
||
| 072 | 7 |
_a908(437) _xVlastiveda Česka a Slovenska _2konspekt |
|
| 080 |
_a913(437.6) _22011 |
||
| 080 |
_a640.43 _22011 |
||
| 080 |
_a(084.121) _22011 |
||
| 080 |
_a908(437.6) _22011 |
||
| 080 |
_a551.435.4 _22011 |
||
| 080 |
_a502.21(1-751.2) _22011 |
||
| 080 |
_a556.53 _22011 |
||
| 100 | 1 |
_aJiroušek, Ladislav, _d1943-2019 _4pht |
|
| 245 | 1 | 0 |
_aChránená krajinná oblasť Slovenský raj _hgrafika _bKláštorisko _cfoto: L. Jiroušek |
| 246 | 1 |
_iNázov na adresnej časti: _aPrielom Hornádu, večný dážď |
|
| 246 | 1 |
_iNázov na adresnej časti: _aOrientačná tabuľa pred reštauráciou |
|
| 246 | 1 |
_iNázov na adresnej časti: _aRoklina Suchá Belá |
|
| 246 | 1 |
_iNázov na adresnej časti: _aPohľad z Kláštoriska na Vysoké Tatry |
|
| 260 |
_aBratislava _bČSTK-Pressfoto _c1976 _eSkalica _fGrafobal |
||
| 300 |
_a1 pohľadnica (6 čiastkových pohľadov) _bfarebná _c11 x 22 cm |
||
| 500 | _aNázvové údaje prevzaté z obrazovej časti pohľadnice | ||
| 520 | 8 | _aZobrazenie: V bielom orámovaní zasnežené pohľady na zamrznutý prielom Hornádu, na orientačnú tabuľu pred reštauráciou, pri ktorej stoja ľudia, na zasneženú roklinu s dreveným rebríkom, na ktorom je muž a na Vysoké Tatry v diaľke. V strede dole je na žltom podklade názov a nad ním na zelenom podklade v bielom orámovaní na červenom kruhu sú dva prekrýžené, červeno-biele šípy | |
| 650 | 0 | 7 |
_askalné útvary _2SNKPH |
| 650 | 0 | 7 |
_anárodné parky _2SNKPH |
| 650 | 0 | 7 |
_areštaurácie _2SNKPH |
| 650 | 0 | 7 |
_arieky _2SNKPH |
| 651 | 7 |
_aSlovenský raj (Slovensko : pohorie) _2SNKPHgeo |
|
| 651 | 7 |
_aKláštorisko (Slovensko : turistická oblasť) _2SNKPHgeo |
|
| 651 | 7 |
_aNárodný park Slovenský raj (Slovensko) _2SNKPHgeo |
|
| 651 | 7 |
_aPrírodná rezervácia Suchá Belá (Slovensko) _2SNKPHgeo |
|
| 651 | 7 |
_aVysoké Tatry (Poľsko a Slovensko : pohorie) _2SNKPHgeo |
|
| 651 | 7 |
_aHornád (Slovensko a Maďarsko : rieka) _2SNKPHgeo |
|
| 655 | 7 |
_amiestne pohľadnice _2SNKPH |
|
| 655 | 7 |
_ageografické pohľadnice _2SNKPH |
|
| 942 |
_2ddc _cOLDO _n0 |
||
| 949 |
_617A1287007 _asnkSP 88509 _s6100:20190902 |
||
| 999 |
_c20121 _d20121 |
||